000 00333nam a2200109Ia 4500
008 191206s9999 xx 000 0 und d
090 _aHB3662.9A3
245 0 _a"MICS Multiple Indicator Cluster Survey, 2014: key findings report"
260 _cc2014
300 _a"vi, 50 pages ; 30 cm"
999 _c16484
_d16484